Episodes in archaeology : bit parts in big dramas /

محفوظ في:

المؤلف الرئيسي: Dimick, John M. (مؤلف)

التنسيق: كتاب

اللغة: English

منشور في: Barre, Mass. : Barre Publishers, 1968.

الموضوعات:

الوسوم: إضافة وسم

لا توجد وسوم, كن أول من يضع وسما على هذه التسجيلة!

رقم الطلب: CC165 .D5 1968

LEADER 00652nam a2200229 4500
001 88
003 OSt
005 20251103135036.0
008 130303s1968 maua 000 0 eng d
010 |a 68029799 /AC 
020 |a 0827168209 
040 |c ARCE Library 
050 4 |a CC165 .D5 1968 
100 1 |a Dimick, John M.  |e author 
245 1 0 |a Episodes in archaeology :  |b bit parts in big dramas /  |c by John Dimick. 
264 1 |a Barre, Mass. :   |b Barre Publishers,   |c 1968. 
300 |a ix, 150 pages :  |b illustrations ;  |c 24 cm. 
650 0 |a Archaeology  |v Juvenile literature. 
650 0 |a Archaeology. 
901 |a reviewed 
942 |c BK  |2 lcc 
999 |c 9788  |d 9788